People Who Have Been Given Ranks on SGCord - Statistics

General Stats
  • This quiz has been taken 10 times
    5 since last reset
  • The average score is 18 of 44
Answer Stats
Hint Answer % Correct
Daily City Contributer Buryatia
100%
APNW Goat Lap
100%
Daily City Contributer Lap
100%
Weekly Quiz Lap
100%
Administrator Kiara
80%
APNW Goat Kiara
80%
Administrator Aspen
60%
Daily City Contributer Aspen
60%
Daily City Contributer Dread Pirate Roberts
60%
Moderator Dread Pirate Roberts
60%
APNW Goat Hralyb
60%
Daily City Contributer Hralyb
60%
Moderator Hralyb
60%
APNW Goat Refop
60%
Daily City Contributer Refop
60%
Weekly Quiz Refop
60%
Administrator Sweating Geography
60%
Daily City Contributer Sweating Geography
60%
Moderator Sweating Geography
60%
Daily City Contributer Zman
60%
Moderator Zman
60%
APNW Goat Bagaboiebailey
40%
Daily City Contributer Bagaboiebailey
40%
Daily City Contributer Burrito
20%
Daily City Contributer Cheese
20%
Administrator Coby
20%
Daily City Contributer Coby
20%
Daily City Contributer Drafting Coach
20%
Daily City Contributer Forxa1260
20%
APNW Goat Kormagog
20%
Daily City Contributer Kormagog
20%
Moderator Kormagog
20%
Daily City Contributer Maxlo
20%
Daily City Contributer Mustard
20%
Moderator Reina
20%
APNW Goat Wilcoxon
20%
Daily City Contributer Electroblade17
0%
Daily City Contributer Gaming123
0%
APNW Goat Nobody
0%
APNW Goat Reichtangle
0%
Daily City Contributer Reichtangle
0%
Daily City Contributer ScratchPencil
0%
Server Booster Train
0%
Daily City Contributer Xyntercept
0%
No matching quizzes found
Score Distribution
Percent of People with Each Score
Percentile by Number Answered
Your Score History
You have not taken this quiz since the last reset